Reglamento para el gobierno y administración del cementerio del pueblo de Sarria
Descripción Física:
15 p. ; 22 cm
Materias:
Cementiris -- Barcelona -- Normes
MARC
| LEADER | 00000nam a2200000Ia 4500 | ||
|---|---|---|---|
| 001 | 15850 | ||
| 008 | 160829s1881 xx 000 0 cat d | ||
| 080 | |a RF-12-24 | ||
| 245 | |a Reglamento para el gobierno y administración del cementerio del pueblo de Sarria | ||
| 260 | |a Barcelona : |b (Imp. de los sucesores de N. Ramirez y Cª.), |c 1881 | ||
| 300 | |a 15 p. ; |c 22 cm | ||
| 650 | |a Cementiris |x Barcelona |x Normes |9 39089 | ||
| 856 | 4 | |u https://media.diba.cat/diba/fitxers/arxiu/fulletons/bib_15850_1881_baixa.pdf |y Accés lliure | |
| 856 | 4 | |u https://media.diba.cat/diba/fitxers/arxiu/fulletons/bib_15850_1881_baixa.pdf |y Accés lliure | |
| 901 | |a Arxiu | ||
| 942 | |n 1 |2 udc | ||
| 952 | |0 0 |1 0 |4 0 |6 RF1224 |7 1 |9 48793 |a Arxiu |b Arxiu |d 2016-12-01 |l 0 |o RF-12-24 |p 15850 |r 2016-12-01 00:00:00 |w 2016-12-01 |y ARXIU | ||
| 999 | |c 52626 |d 52626 | ||
| 900 | |a bib_15850_1881_baixa.pdf | ||